000 00758nam a2200289Ia 4500
005 20260324134141.0
008 008 260324s9999 xx 000 0 eng d
020 _a9781003311058
037 _aEBOOK
040 _aCRL
040 _beng
040 _cCRL
041 _2eng
041 _aeng
084 _qCRL
100 _aLiane Smith
_91195757
245 2 _aA Working Party Report on Corrosion Resistant Alloys for Oil and Gas Production
245 0 _bGeneral Requirements and Test Methods for H2S Service (EFC 17)
260 _bTaylor and Francis
260 _c2002
365 _a
365 _b720
856 _uhttp://www.taylorfrancis.com/books/9781003311058
942 _cEBOOK
999 _c1795515
_d1795515